00860nam a22001457a 4500020001800000020001500018050001400033245010700047250001300154260006600167300006900233505034600302650002500648650004100673 a9780538753203 a053875320x aHD31bIr1 aThe management of strategy : bconcepts & cases. cR Duane Ireland; Robert E Hoskisson; Michael A Hitt aed., 9th aAustralia ; United Kingdom : bSouth-Western Cengage,c 2010. axxvii, 443, 23 pages : billustrations (chiefly color) ;c 26 cm a Contents: 1. Introduction to Cognitive Psychology. 2. Cognition and the Brain: Basic Principles. 3. Perception. 4. Attention. 5. Short-Term and Working Memory. 6. Long-Term Memory: Basic Principles. 7. Everyday Memory and Memory Errors. 8. Knowledge. 9. Visual Imagery. 10. Language. 11. Problem Solving. 12. Reasoning and Decision Making. a Strategic planning. a Strategic planning -- Case studies.